000 00229nam a22000977a 4500
003 SGT
245 _aJournal of Indian Association of Public Health Dentistry
260 _bWolters Publisher
_c2021
300 _a323
942 _2ddc
_cBV
999 _c30370
_d30370